| 000 | 00590nam a22001937a 4500 | ||
|---|---|---|---|
| 003 | CEME | ||
| 005 | 20210628204157.0 | ||
| 008 | 210105b xxu||||| |||| 00| 0 eng d | ||
| 020 | _a9780070700314 | ||
| 040 | _cceme | ||
| 082 | _a620.105 VEC | ||
| 100 |
_aBeer, Ferdinand.P, Johnston, E.Russell, Mazurek, David.F _969127 |
||
| 245 | _aVector mechanics for engineers-statics, (in si units) | ||
| 250 | _a9TH | ||
| 260 |
_aNEW DELHI _bTATA MCGRAW HILL _c2011 |
||
| 300 | _aXXII, 623P | ||
| 650 |
_aVECTOR MECHANICS.STATICS.MECHANICS-APPLIED. VECTOR ANALYSIS. _969128 |
||
| 942 |
_cBK _2ddc |
||
| 999 |
_c576527 _d576527 |
||